Top U.S. Male Names by Letter - B - Statistics

General Stats
  • This quiz has been taken 91 times
  • The average score is 40 of 100
Answer Stats
Answer % Correct
Beau
97%
Bo
97%
Ben
92%
Benjamin
89%
Bill
85%
Brad
85%
Brayan
82%
Brian
82%
Bryan
82%
Bryant
82%
Bryon
82%
Bob
80%
Billie
78%
Billy
78%
Brandan
74%
Branden
74%
Brandon
74%
Bobbie
71%
Bobby
71%
Bradley
69%
Bradly
69%
Bennie
63%
Benny
63%
Bart
55%
Brendan
55%
Brenden
55%
Brendon
55%
Barry
54%
Blake
54%
Brice
54%
Bryce
54%
Braden
52%
Braeden
52%
Braiden
52%
Brayden
52%
Braydon
52%
Bruce
51%
Bret
49%
Brett
49%
Brent
46%
Benson
42%
Brodie
42%
Brody
42%
Brock
40%
Bert
38%
Brady
35%
Bailey
34%
Bennett
34%
Brycen
34%
Bryson
34%
Bernard
32%
Blaise
31%
Blaze
31%
Byron
31%
Barney
29%
Bentley
29%
Beckett
28%
Buddy
28%
Baker
25%
Benedict
25%
Blaine
25%
Barrett
23%
Blair
23%
Bodhi
23%
Bodie
23%
Braxton
23%
Brooks
23%
Bruno
23%
Burton
23%
Boston
20%
Bradford
20%
Brandt
20%
Brant
20%
Beckham
18%
Benton
18%
Bowen
18%
Brantley
17%
Barton
15%
Bronson
15%
Branson
14%
Brennan
14%
Brennen
14%
Baron
12%
Benito
12%
Boone
12%
Briggs
12%
Baylor
11%
Basil
9%
Boyd
9%
Braylen
9%
Braylon
9%
Broderick
9%
Bernardo
8%
Brenton
8%
Bridger
8%
Baby
6%
Britton
6%
Bishop
5%
Briar
3%
Bilal
2%
No matching quizzes found
Score Distribution
Percent of People with Each Score
Percentile by Number Answered
Your Score History
You have not taken this quiz